000 00915nam a2200217Ia 4500
999 _c40027
_d40027
001 6633
003 GE_BSU
005 20191203163811.0
008 181216s2008||||ge |||||||||||||| ||geo||
020 _a9994025589
040 _cGE_BSU
041 _ageo
080 _a159.9 ბ-25
100 _aბარამიძე, ნოდარ
_95686
245 _aაქსელერაცია და შორეული მოტივაცია=The acceleration and the remote motivational behavior.
_cნოდარ ბარამიძე; რედ. ირაკლი იმედაძე.
264 _aბათუმი :
_bშოთა რუსთაველის სახ.უნ-ტი,
_c2008.
300 _a224 გვ.;
_b20 სმ.
653 _aფსიქოლოგია
700 _aიმედაძე, ირაკლი
_eრედაქტორი
_95687
942 _cBK
_2udc